A társadalombiztosítás jogorvoslati rendszere
Elmentve itt :
| Szerző: | |
|---|---|
| További közreműködők: | |
| Dokumentumtípus: | Szakdolgozat |
| Megjelent: |
1996
|
| Tárgyszavak: | |
| Online Access: | http://diploma.bibl.u-szeged.hu/23877 |
| LEADER | 00584nta a2200157 i 4500 | ||
|---|---|---|---|
| 001 | dipl23877 | ||
| 005 | 20130314082317.0 | ||
| 008 | 120330s1996 hu om 0|| zxx d | ||
| 040 | |a SZTE Diploma Repozitórium |b hun | ||
| 041 | |a zxx | ||
| 100 | 1 | |a Rostás Péter | |
| 245 | 1 | 2 | |a A társadalombiztosítás jogorvoslati rendszere |h [elektronikus dokumentum] / |c Péter Rostás |
| 260 | |c 1996 | ||
| 650 | 4 | |a Jogi és igazgatási tanulmányok | |
| 700 | 1 | |a nincs megadva |e ths | |
| 856 | 4 | 0 | |u http://diploma.bibl.u-szeged.hu/id/eprint/23877/1/A_dolgozat_sz%C3%B6vege_nem_el%C3%A9rhet%C5%91.pdf |z Dokumentum-elérés |